| 000 | 00404nam a2200169Ia 4500 | ||
|---|---|---|---|
| 003 | OSt | ||
| 005 | 20240207163603.0 | ||
| 008 | 170619s9999 xx 000 0 und d | ||
| 020 | _a9780195116445 | ||
| 040 | _cIIMT ENGINEERING COLLEGE | ||
| 100 | _aAllel Phillips E | ||
| 245 | 0 | _aCMOS Analog Circuits Design | |
| 260 | _bOxford Uni. Press | ||
| 260 | _c2002 | ||
| 546 | _aENGLISH | ||
| 942 |
_2ddc _c02 |
||
| 999 |
_c16725 _d16725 |
||